Dairy technology : (Record no. 67387)
[ view plain ]
| 000 -LEADER | |
|---|---|
| fixed length control field | 00918nam a2200277 a 4500 |
| 001 - CONTROL NUMBER | |
| control field | 67387 |
| 003 - CONTROL NUMBER IDENTIFIER | |
| rucl marc code | BD-RjUL |
| 005 - DATE AND TIME OF LATEST TRANSACTION | |
| control field | 20211209081638.0 |
| 008 - FIXED-LENGTH DATA ELEMENTS--GENERAL INFORMATION | |
| fixed length control field | 170325s1999 nyua b 001 0 eng |
| 020 ## - INTERNATIONAL STANDARD BOOK NUMBER | |
| International Standard Book Number | 082470228X (alk. paper) |
| 035 ## - SYSTEM CONTROL NUMBER | |
| System control number | (BD-RjUL)67518 |
| 040 ## - CATALOGING SOURCE | |
| Original cataloging agency | DLC |
| Transcribing agency | DLC |
| Modifying agency | BD-RjUL |
| Language of cataloging | eng |
| 041 ## - LANGUAGE CODE | |
| Language code of text/sound track or separate title | eng |
| 082 00 - DEWEY DECIMAL CLASSIFICATION NUMBER | |
| Classification number | 637.1 |
| Edition number | 23 |
| Author mark and year | DAI 1999 |
| 245 10 - TITLE STATEMENT | |
| Title | Dairy technology : |
| Remainder of title | principles of milk properties and processes / |
| Statement of responsibility, etc. | P. Walstra ... [et al.]. |
| 260 ## - PUBLICATION, DISTRIBUTION, ETC. (IMPRINT) | |
| Place of publication, distribution, etc. | New York : |
| Name of publisher, distributor, etc. | Marcel Dekker, |
| Date of publication, distribution, etc. | c1999. |
| 300 ## - PHYSICAL DESCRIPTION | |
| Pagination | xvii, 727 p. : |
| Illustrations | ill. ; |
| Size | 24 cm. |
| 490 1# - SERIES STATEMENT | |
| Series statement | Food science and technology ; |
| Volume/sequential designation | 90 |
| 504 ## - BIBLIOGRAPHY, ETC. NOTE | |
| Bibliography, etc | Includes bibliographical references and index. |
| 650 #0 - SUBJECT ADDED ENTRY--TOPICAL TERM | |
| Topical term or geographic name as entry element | Dairy processing. |
| 9 (RLIN) | 197698 |
| Topical term or geographic name as entry element | Milk. |
| 9 (RLIN) | 199650 |
| Topical term or geographic name as entry element | Dairy products. |
| 9 (RLIN) | 163816 |
| 700 1# - ADDED ENTRY--PERSONAL NAME | |
| Personal name | Walstra, Pieter. |
| 830 #0 - SERIES ADDED ENTRY--UNIFORM TITLE | |
| Uniform title | Food science and technology (Marcel Dekker, Inc.) ; |
| Volume number/sequential designation | 90. |
| 942 ## - ADDED ENTRY ELEMENTS (KOHA) | |
| Source of classification or shelving scheme | Dewey Decimal Classification |
| Koha item type | Books |
| Lost status | Source of classification or shelving scheme | Damaged status | Not for loan | Collection code | Permanent Location | Current Location | Shelving location | Date acquired | Source of acquisition | Cost, normal purchase price | Total Checkouts | Full call number | Date last seen | Copy number | Koha item type |
|---|---|---|---|---|---|---|---|---|---|---|---|---|---|---|---|
| Dewey Decimal Classification | Not For Loan | Non-fiction | Central Library, University of Rajshahi | Central Library, University of Rajshahi | Reading Room | 31/12/2005 | Dhaka,Paragon Enterprise | 229.95 | 637.1 DAI 1999 | 25/03/2017 | C-1 | Books |